Forensic identification using biological samples in criminal process: (Record no. 115953)

MARC details
000 -LEADER
fixed length control field 00442nam a22001337a 4500
005 - DATE AND TIME OF LATEST TRANSACTION
control field 20260316130240.0
008 - FIXED-LENGTH DATA ELEMENTS--GENERAL INFORMATION
fixed length control field 260316b |||||||| |||| 00| 0 eng d
100 ## - MAIN ENTRY--PERSONAL NAME
Personal name Rakesh P. S.
245 ## - TITLE STATEMENT
Title Forensic identification using biological samples in criminal process:
Remainder of title legal safeguards and ethical concerns
260 ## - PUBLICATION, DISTRIBUTION, ETC. (IMPRINT)
Place of publication, distribution, etc Kochi
Name of publisher, distributor, etc School of Legal Studies, CUSAT
Date of publication, distribution, etc 2025
300 ## - PHYSICAL DESCRIPTION
Extent xxv,331p.
700 ## - ADDED ENTRY--PERSONAL NAME
Personal name Guided by Harigovind P. C.
942 ## - ADDED ENTRY ELEMENTS (KOHA)
item type Under processing
Holdings
Lost status Source of classification or shelving scheme Not for loan Home library Current library Date acquired Total Checkouts Barcode Date last seen Price effective from Koha item type
  Universal Decimal Classification Not For Loan University Library University Library 16/03/2026   T0002457 16/03/2026 16/03/2026 Under processing
University Library, CUSAT